000 00546nam a2200181 i 4500
001 52591
003 ES-MaACL
005 20230906162616.0
007 t|
008 030901s1968 sp ||||1| spa d
100 1 _aDavis, Maxine.
_942981
245 1 0 _aEsperanza para matrimonio sin hijos /
_cMaxine Davis ; [versión castellana por Margarita García].
250 _a[1ª ed.].
260 _aBarcelona :
_bGrijalbo,
_c1968.
300 _a177 p. ;
_c20 cm.
700 1 _aGarcía Roig, Margarita.
_955207
852 _aES-MaACL
_jC-50365
_bR.66297
999 _c52591
_d52591